Root and Branch (Latin) Quiz Stats

 Plays Quiz not verified by Sporcle

Score 0/15 Timer 02:00
0 Plays Today
Question Answer Wrong Answers
agricola - farmer agony
84.9%
agriculture
3.6%
agrarian
2.7%
lumen - light lumbago
84.7%
luminous
3%
illuminate
3%
bellum - war bell-boy
83.9%
rebel
3.7%
belligerent
3.5%
primus - first stove
83.9%
primary
3.7%
primitive
3.9%
dominus - a lord domestic
82%
dominate
4%
dominion
5.5%
verus - true vernal
82%
verify
3.6%
verdict
5.6%
caput - head capture
80.1%
capital
6.1%
captain
5.5%
terminus - an end termagant
79.7%
terminate
4.3%
interminable
7.3%
ignis - fire indignant
78.7%
ignite
3.9%
igneous
8.2%
finis - the end fine
78.6%
final
5%
infinite
7.9%
siccus - dry sickly
77.4%
desiccate
5.6%
siccative
8%
altus - high altercation
76.7%
altitude
4.7%
exalt
9.9%
animus - the mind animal
58.1%
unanimous
14.2%
magnanimity
18.9%
munus - a gift munition
41.4%
remuneration
8.8%
municipal
41.6%
nauta - sailor naval
22.5%
nautical
3.6%
nausea
64.9%

You're not logged in!

Compare scores with friends on all Sporcle quizzes.
OR
Log In

Show Comments

Extras

Top Quizzes Today


Score Distribution

Your Account Isn't Verified!

In order to create a playlist on Sporcle, you need to verify the email address you used during registration. Go to your Sporcle Settings to finish the process.

Report this User

Report this user for behavior that violates our Community Guidelines.

Details: